[Event "GER-chB Seniors 26th"]
[Site "Bad Neuenahr"]
[Date "2014.08.09"]
[Round "5"]
[White "Loerken, Franz"]
[Black "Luebbers, Doris"]
[Result "1-0"]
[WhiteElo "1574"]
[BlackElo "1578"]
[PlyCount "61"]
[EventDate "2014.08.05"]
[EventType "swiss"]
[EventRounds "9"]
[EventCountry "GER"]
[SourceTitle "EXT 2018"]
[Source "ChessBase"]
[SourceDate "2017.10.13"]
[SourceVersion "1"]
[SourceVersionDate "2017.10.13"]
[SourceQuality "1"]

1. Nf3 d5 2. d4 Nf6 3. h3 e6 4. Bf4 Bd6 5. Bxd6 Qxd6 6. c3 b6 7. e3 Bb7 8. a4 Nc6 9. Bb5 0-0 10. 0-0 a5 11. Na3 Ne7 12. Qc2 c6 13. Bd3 Ba6 14. c4 dxc4 15. Bxc4 Ned5 16. Bxa6 Rxa6 17. Qd2 Raa8 18. Nc4 Qd8 19. Nfe5 Rc8 20. Rac1 Nb4 21. f3 Nfd5 22. e4 Ne7 23. b3 f6 24. Ng4 Qc7 25. e5 fxe5 26. Ncxe5 Qd8 27. Rc4 Ned5 28. Rfc1 Qd6 29. Qg5 Ne7 30. Nh6+ Kh8 31. Nef7+ 1-0